00609nam a2200169 4500001000700000003000900007007000300016008004100019100005000060245007300110260005400183300002000237852003300257942000800290999001900298952012200317135929ES-MaACLt|070214s1952 sp r ||||1| spa d0 aRuiz y González de Linares, Ernesto910095610aCurso de Economía Política / cpor Ernesto Ruiz y G. de Linares. aBurgos : bHijos de Santiago Rodríguez, c1952. a2 t. ; c22 cm. aES-MaACLjC-7267-8 bR.35833 2udc c135929d135929 00104070aATENEOMbATENEOMcSPALd2008-01-17eSCl0oC-7267-8p1141471r2023-02-23 00:00:00w2023-02-23yMONOGRAFIA